ბათუმის შოთა რუსთაველის სახელმწიფო უნივერსიტეტის ბიბლიოთეკა

გამოყენებითი პერსპექტივის საფუძვლები : სახელმძღვ. / (ბიბ.ჩანაწერი № 39624)

000 -ლიდერი
ფიქსირებული სიგრძის საკონტროლო ველი 00933nam a2200205Ia 4500
001 - საკონტროლო ნომერი
საკონტროლო ველი 6224
003 - საკონტროლო ნომრის იდენტიფიკატორი
საკონტროლო ველი GE_BSU
005 - ბოლო ოპერაციის თარიღი და დრო
საკონტროლო ველი 20190527143603.0
008 - ფიქსირებული სიგრძის მონაცემთა ელემენტები - ზოგადი ინფორმაცია
ფიქსირებული სიგრძის საკონტროლო ველი 181216s1979||||ge |||||||||||||| ||geo||
040 ## - კატალოგიზაციის წყარო
Transcribing agency GE_BSU
080 ## - უნივერსალური ათობითი კლასიფიკაციის ინდექსი
Universal Decimal Classification number 514.18(075.8)+742.3(075.8) ვ-26
100 ## - მთავარი ჩანაწერი - პიროვნების სახელი
Personal name ვაჩნაძე, გ
9 (RLIN) 1633
245 ## - ცნობა სათაურის შესახებ
Title გამოყენებითი პერსპექტივის საფუძვლები : სახელმძღვ. /
Statement of responsibility, etc გ. ვაჩნაძე ; რედ.პ.ლაბარტყავა.
264 ## - წარმოების, გამოცემის, დისტრიბუციის და სხვა ცნობები
გამოცემის, წარმოების, დისტრიბუციის... ადგილი თბილისი :
გამოცემის, წარმოების, დისტრიბუციის... სახელწოდება განათლება,
გამოცემის, წარმოების, დისტრიბუციის... თარიღი 1966.
300 ## - ფიზიკური აღწერა
Extent 180 გვ .:
Other physical details ილ;
Dimensions 21 სმ.
653 ## - INDEX TERM--UNCONTROLLED
Uncontrolled term გამოყენებითი პერსპექტივის საფუძვლები
653 ## - INDEX TERM--UNCONTROLLED
Uncontrolled term მათემატიკა
700 ## - ADDED ENTRY--PERSONAL NAME
Personal name ლაბარტყავა, პ
Relator term რედაქტორი
9 (RLIN) 523
942 ## - ADDED ENTRY ELEMENTS (KOHA)
Koha item type წიგნი
Source of classification or shelving scheme
ეგზემპლარები
ჩამოწერის სტატუსი დაკარგული ეგზემპლარის სტატუსი კლასიფიკაციის წყარო ან თაროზე გაწყობის სქემა დაზიანების სტატუსი არ გაიცემა მუდმივი მდებარეობა (დაცვის ადგილი) ამჟამინდელი ადგილსამყოფელი თაროზე განთავსების ადგილი შეძენის თარიღი ღირებულება, შესყიდვის ნორმალური ფასი სრული შენახვის შიფრი შტრიხკოდი ბოლო ოპერაციის თარიღი ეგზემპლარის მიმდევრობითი ნომერი (კეტერი?) ფასის ძალაში შესვლის თარიღი ეგზემპლარის სახეობა საჯარო შენიშვნა
          ტექნოლოგიური ფაკულტეტის ბიბლიოთეკა ტექნოლოგიური ფაკულტეტის ბიბლიოთეკა წიგნსაცავი 2018-12-17 1.00 514.18(075.8)+742.3(075.8) ვ-26 9075 2018-12-17 9075 2018-12-17 წიგნი 1 ლ. 12 თ.
          ტექნოლოგიური ფაკულტეტის ბიბლიოთეკა ტექნოლოგიური ფაკულტეტის ბიბლიოთეკა წიგნსაცავი 2018-12-17 1.00 514.18(075.8)+742.3(075.8) ვ-26 9076 2018-12-17 9076 2018-12-17 წიგნი 1 ლ. 12 თ.
          ტექნოლოგიური ფაკულტეტის ბიბლიოთეკა ტექნოლოგიური ფაკულტეტის ბიბლიოთეკა წიგნსაცავი 2018-12-17 1.00 514.18(075.8)+742.3(075.8) ვ-26 9077 2018-12-17 9077 2018-12-17 წიგნი 1 ლ. 12 თ.